00844 2200301 4500001002100000005001500021035002000036007000300056008004100059020002100100082001700121084001900138100001800157245009900175250003200274260003400306300002500340500002800365650002000393700001700413700001600430040001700446850001200463041001300475990001800488990001800506990001800524INLIS00000000081697220181001124434 a0010-0918000410ta180917s20172017jki d f ind d a978-62-385-185-004223a899.2213 a899.2213 CRO d1 aCrouch, Blake1 aDark matter :bsebuah novel /cBlake Crouch; penerjemah, Jia Effendie; penyunting, Maria Lubis aCetakan kedua, Agustus 2017 aJakarta :bNoura Books,c2017 a462 halaman ;c21 cm aJudul Asli: Dark Matter 4aFiksi Indonesia0 aJia Effendie0 aMaria Lubis aYOPDYOGbind aYOPDYOG0 aindheng a36237-PD/B.18 a36238-PD/B.18 a36239-PD/B.18